[Event "Wolrd Chess Olympiad 2018"]
[Site "Batumi"]
[Date "2018.09.28"]
[Round "5"]
[Board "2"]
[WhiteFideId "10400583"]
[White "Moncur Cecil"]
[BlackFideId "10001204"]
[Black "Okas Walter"]
[Result "0-1"]
[LiveChessVersion "1.4.8"]
[BlackElo "2258"]
[WhiteElo "1873"]

1. d4 {[%clk 1:30:46]} Nf6 {[%clk 1:30:52]} 2. c4 {[%clk 1:31:13]} g6
{[%clk 1:31:13]} 3. Nc3 {[%clk 1:31:41]} Bg7 {[%clk 1:31:31]} 4. e4
{[%clk 1:32:09]} d6 {[%clk 1:31:43]} 5. f4 {[%clk 1:32:37]} O-O {[%clk 1:31:49]}
6. Nf3 {[%clk 1:33:04]} Nc6 {[%clk 1:28:35]} 7. Be2 {[%clk 1:26:14]} Bg4
{[%clk 1:24:43]} 8. d5 {[%clk 1:21:46]} Nb4 {[%clk 1:24:32]} 9. O-O
{[%clk 1:19:19]} c6 {[%clk 1:24:50]} 10. Be3 {[%clk 1:16:38]} Na6
{[%clk 1:24:01]} 11. h3 {[%clk 1:14:04]} Bd7 {[%clk 1:24:08]} 12. e5
{[%clk 1:12:00]} Ne8 {[%clk 1:23:38]} 13. Rc1 {[%clk 1:07:59]} Qc7
{[%clk 1:20:37]} 14. Bd4 {[%clk 0:59:04]} c5 {[%clk 1:13:25]} 15. exd6
{[%clk 0:59:22]} Nxd6 {[%clk 1:13:47]} 16. Bxg7 {[%clk 0:57:24]} Kxg7
{[%clk 1:14:13]} 17. Ne5 {[%clk 0:50:36]} Nf5 {[%clk 1:07:49]} 18. Nb5
{[%clk 0:42:25]} Bxb5 {[%clk 1:00:34]} 19. cxb5 {[%clk 0:42:52]} Nb4
{[%clk 1:00:14]} 20. a3 {[%clk 0:32:50]} Ne3 {[%clk 1:00:09]} 21. Qd2
{[%clk 0:33:11]} Nbxd5 {[%clk 0:59:49]} 22. Rf3 {[%clk 0:32:28]} f6
{[%clk 0:58:20]} 23. Nd7 {[%clk 0:30:15]} Qxd7 {[%clk 0:54:50]} 24. Rxe3
{[%clk 0:30:35]} Qd6 {[%clk 0:54:43]} 25. Rd3 {[%clk 0:28:26]} e6
{[%clk 0:54:38]} 26. Bf3 {[%clk 0:27:29]} Rad8 {[%clk 0:53:50]} 27. Rd1
{[%clk 0:25:19]} Qb6 {[%clk 0:50:05]} 28. Kh1 {[%clk 0:23:45]} Qxb5
{[%clk 0:40:29]} 29. Bxd5 {[%clk 0:23:38]} exd5 {[%clk 0:40:35]} 30. Rxd5
{[%clk 0:23:58]} Rxd5 {[%clk 0:40:01]} 31. Qxd5 {[%clk 0:24:25]} Rf7
{[%clk 0:39:08]} 32. f5 {[%clk 0:19:28]} b6 {[%clk 0:39:13]} 33. fxg6
{[%clk 0:19:37]} hxg6 {[%clk 0:39:38]} 34. b3 {[%clk 0:18:56]} Qe2
{[%clk 0:39:10]} 35. a4 {[%clk 0:17:44]} Re7 {[%clk 0:38:40]} 36. a5
{[%clk 0:14:24]} bxa5 {[%clk 0:33:57]} 37. Rc1 {[%clk 0:13:21]} Qf2
{[%clk 0:29:51]} 38. Qd1 a4 {[%clk 0:18:42]} 39. bxa4 {[%clk 0:04:28]} c4
{[%clk 0:19:00]} 40. Qd8 {[%clk 0:31:59]} Qc5 {[%clk 0:43:09]} 41. Rd1
{[%clk 0:28:01]} c3 {[%clk 0:42:24]} 42. Rd7 {[%clk 0:27:21]} Rxd7
{[%clk 0:41:49]} 43. Qxd7+ {[%clk 0:27:50]} Kh6 {[%clk 0:42:03]} 44. h4
{[%clk 0:23:31]} c2 {[%clk 0:41:07]} 45. Qd2+ {[%clk 0:23:41]} Kh5
{[%clk 0:40:43]} 46. g4+ {[%clk 0:18:02]} Kxg4 {[%clk 0:39:52]} 47. Qg2+
{[%clk 0:14:55]} Kf5 {[%clk 0:38:30]} 48. Qh3+ {[%clk 0:13:33]} Ke5
{[%clk 0:38:49]} 49. Qg3+ {[%clk 0:13:32]} Ke6 {[%clk 0:38:53]} 50. Qg4+
{[%clk 0:13:14]} Ke7 {[%clk 0:38:18]} 51. Qe4+ {[%clk 0:13:01]} Kd8
{[%clk 0:38:08]} 52. Qd3+ {[%clk 0:11:26]} Kc8 {[%clk 0:38:24]} 53. Qa6+
{[%clk 0:04:17]} Kc7 {[%clk 0:35:26]} 54. Qxf6 {[%clk 0:04:04]} c1=Q+
{[%clk 0:35:18]} 0-1

[Event "Wolrd Chess Olympiad 2018"]
[Site "Batumi"]
[Date "2018.09.28"]
[Round "5"]
[Board "3"]
[WhiteFideId "10000569"]
[White "Nsubuga Haruna"]
[BlackFideId "10400044"]
[Black "Small Byron"]
[Result "1-0"]
[LiveChessVersion "1.4.8"]
[BlackElo "1721"]
[WhiteElo "2222"]

1. d4 {[%clk 1:30:38]} Nf6 {[%clk 1:30:43]} 2. c4 {[%clk 1:30:52]} e6
{[%clk 1:31:06]} 3. Nf3 {[%clk 1:31:18]} d5 {[%clk 1:29:52]} 4. Nc3
{[%clk 1:30:28]} Be7 {[%clk 1:27:41]} 5. e3 {[%clk 1:30:19]} b6 {[%clk 1:23:35]}
6. cxd5 {[%clk 1:30:01]} exd5 {[%clk 1:22:00]} 7. Bb5+ {[%clk 1:29:38]} Bd7
{[%clk 1:21:52]} 8. Bd3 {[%clk 1:29:56]} O-O {[%clk 1:17:13]} 9. Ne5
{[%clk 1:30:13]} Be6 {[%clk 1:10:04]} 10. f4 {[%clk 1:30:13]} Qc8
{[%clk 1:09:54]} 11. O-O {[%clk 1:30:20]} Bf5 {[%clk 1:09:18]} 12. Bxf5
{[%clk 1:29:37]} Qxf5 {[%clk 1:09:46]} 13. g4 {[%clk 1:29:57]} Qe6
{[%clk 1:07:17]} 14. Qf3 {[%clk 1:26:44]} c6 {[%clk 1:06:36]} 15. f5
{[%clk 1:19:09]} Qd6 {[%clk 0:56:18]} 16. Bd2 {[%clk 1:16:41]} Nfd7
{[%clk 0:45:06]} 17. Nd3 {[%clk 1:16:51]} Bg5 {[%clk 0:37:06]} 18. b4
{[%clk 1:15:27]} Qh6 {[%clk 0:33:10]} 19. b5 {[%clk 1:15:33]} Nf6
{[%clk 0:33:04]} 20. Rae1 {[%clk 1:11:38]} cxb5 {[%clk 0:26:02]} 21. Nxd5
{[%clk 1:11:18]} Nbd7 {[%clk 0:25:43]} 22. N3f4 {[%clk 1:03:57]} Nxd5
{[%clk 0:24:46]} 23. Qxd5 {[%clk 1:02:26]} Nf6 {[%clk 0:25:08]} 24. Qg2
{[%clk 1:02:27]} Rac8 {[%clk 0:21:42]} 25. Rf3 {[%clk 1:01:32]} Ne4
{[%clk 0:17:41]} 26. Rh3 {[%clk 1:00:25]} Qc6 {[%clk 0:18:00]} 27. d5
{[%clk 0:59:25]} Qc2 {[%clk 0:17:39]} 28. Bb4 {[%clk 0:58:00]} Qxg2+
{[%clk 0:17:46]} 29. Kxg2 {[%clk 0:58:23]} Rc2+ {[%clk 0:17:12]} 30. Re2
{[%clk 0:58:35]} Rfc8 {[%clk 0:17:19]} 31. Kf3 {[%clk 0:58:38]} Rxe2
{[%clk 0:15:06]} 32. Nxe2 {[%clk 0:58:48]} Nf6 {[%clk 0:12:52]} 33. Be7
{[%clk 0:58:39]} h6 {[%clk 0:13:13]} 34. d6 {[%clk 0:57:44]} Nd7 {[%clk 0:11:33]}
35. Nd4 {[%clk 0:51:03]} Bxe3 {[%clk 0:08:28]} 36. Nxb5 {[%clk 0:50:23]} Bg5
{[%clk 0:08:02]} 37. Nc7 {[%clk 0:48:26]} Bxe7 {[%clk 0:04:23]} 38. dxe7
{[%clk 0:48:43]} Nf6 {[%clk 0:04:52]} 39. Nb5 {[%clk 0:48:14]} Re8
{[%clk 0:04:33]} 40. Nxa7 {[%clk 1:17:39]} Rxe7 {[%clk 0:34:56]} 41. Nb5
{[%clk 1:17:43]} Re5 {[%clk 0:34:54]} 42. Nc3 {[%clk 1:17:22]} Rc5
{[%clk 0:34:59]} 43. Ne4 {[%clk 1:17:39]} Nxe4 {[%clk 0:32:38]} 44. Kxe4
{[%clk 1:18:06]} Rc4+ {[%clk 0:33:04]} 45. Kd5 {[%clk 1:18:06]} Rxg4
{[%clk 0:32:55]} 46. Kc6 {[%clk 1:17:47]} Ra4 {[%clk 0:33:09]} 47. a3
{[%clk 1:18:03]} Rf4 {[%clk 0:32:07]} 48. Kxb6 {[%clk 1:18:14]} Rxf5
{[%clk 0:32:15]} 49. a4 {[%clk 1:18:37]} Rf2 {[%clk 0:31:04]} 50. a5
{[%clk 1:18:29]} Rb2+ {[%clk 0:30:45]} 51. Kc5 {[%clk 1:18:47]} Rc2+
{[%clk 0:22:58]} 52. Kb4 {[%clk 1:19:09]} Rb2+ {[%clk 0:17:38]} 53. Rb3
{[%clk 1:08:55]} Rxh2 {[%clk 0:14:27]} 54. a6 {[%clk 1:08:05]} Re2
{[%clk 0:14:41]} 55. a7 {[%clk 1:08:19]} Re8 {[%clk 0:14:58]} 56. Kc3
{[%clk 1:07:06]} Re3+ {[%clk 0:05:40]} 57. Kc2 {[%clk 1:07:23]} Re2+
{[%clk 0:05:16]} 58. Kb1 {[%clk 1:07:37]} Re1+ {[%clk 0:04:53]} 59. Ka2
{[%clk 1:08:02]} Re8 {[%clk 0:04:38]} 60. Rb8 {[%clk 1:08:12]} Rxb8
{[%clk 0:04:40]} 61. axb8=Q+ {[%clk 1:05:48]} Kh7 {[%clk 0:05:08]} 62. Qd6
{[%clk 1:05:39]} f6 {[%clk 0:05:09]} 63. Qd3+ {[%clk 1:05:35]} Kg8
{[%clk 0:03:50]} 64. Qg6 {[%clk 1:05:19]} Kf8 {[%clk 0:02:16]} 65. Kb3
{[%clk 1:05:37]} Kg8 {[%clk 0:02:29]} 66. Kc4 {[%clk 1:05:56]} Kf8
{[%clk 0:02:43]} 67. Kd5 {[%clk 1:06:17]} Kg8 {[%clk 0:02:54]} 1-0

[Event "Wolrd Chess Olympiad 2018"]
[Site "Batumi"]
[Date "2018.09.28"]
[Round "5"]
[Board "4"]
[WhiteFideId "10400796"]
[White "Skinner Francis"]
[BlackFideId "10000259"]
[Black "Kantinti Shadrack"]
[Result "0-1"]
[LiveChessVersion "1.4.8"]
[BlackElo "2039"]
[WhiteElo "1591"]

1. d4 {[%clk 1:30:50]} d5 {[%clk 1:30:49]} 2. Bf4 {[%clk 1:31:13]} e6
{[%clk 1:30:37]} 3. e3 {[%clk 1:31:03]} Nf6 {[%clk 1:30:51]} 4. a3
{[%clk 1:30:16]} c5 {[%clk 1:30:42]} 5. Nf3 {[%clk 1:29:27]} Nc6 {[%clk 1:31:00]}
6. Nc3 {[%clk 1:29:08]} a6 {[%clk 1:30:26]} 7. Be2 {[%clk 1:28:23]} h6
{[%clk 1:29:54]} 8. h3 {[%clk 1:28:34]} cxd4 {[%clk 1:22:44]} 9. exd4
{[%clk 1:26:27]} Bd6 {[%clk 1:21:47]} 10. Ne5 {[%clk 1:25:35]} Bxe5
{[%clk 1:20:47]} 11. dxe5 {[%clk 1:23:32]} Nd7 {[%clk 1:21:05]} 12. O-O
{[%clk 1:20:05]} Ndxe5 {[%clk 1:18:47]} 13. Bxe5 {[%clk 1:16:53]} Nxe5
{[%clk 1:19:03]} 14. Qd4 {[%clk 1:16:23]} Qf6 {[%clk 1:18:39]} 15. Qb4
{[%clk 1:02:18]} Nc6 {[%clk 1:18:04]} 16. Qd6 {[%clk 0:56:01]} Qe7
{[%clk 1:13:16]} 17. Qg3 {[%clk 0:54:14]} O-O {[%clk 1:07:17]} 18. Rfe1
{[%clk 0:53:00]} Qf6 {[%clk 0:56:01]} 19. Rab1 {[%clk 0:50:36]} Rd8
{[%clk 0:45:40]} 20. f3 {[%clk 0:40:40]} e5 {[%clk 0:38:47]} 21. Bd3
{[%clk 0:35:15]} Qd6 {[%clk 0:28:14]} 22. Rbd1 {[%clk 0:29:01]} Be6
{[%clk 0:26:43]} 23. b4 {[%clk 0:21:27]} Qc7 {[%clk 0:14:25]} 24. Ne2
{[%clk 0:14:43]} Rf8 {[%clk 0:08:15]} 25. c3 {[%clk 0:13:06]} Rac8
{[%clk 0:06:28]} 26. Qf2 {[%clk 0:11:28]} f5 {[%clk 0:06:33]} 27. f4
{[%clk 0:05:40]} e4 {[%clk 0:06:28]} 28. Bc2 {[%clk 0:05:13]} Qf7
{[%clk 0:04:28]} 29. Bb3 {[%clk 0:03:22]} Kh7 {[%clk 0:03:05]} 30. Nd4
{[%clk 0:03:37]} Ne7 {[%clk 0:01:40]} 31. Qe3 {[%clk 0:03:06]} Rc7
{[%clk 0:01:49]} 32. Rc1 {[%clk 0:02:52]} Rfc8 {[%clk 0:02:07]} 33. Re2
{[%clk 0:01:46]} Qf6 {[%clk 0:02:17]} 34. Rec2 {[%clk 0:01:25]} b5
{[%clk 0:02:05]} 35. g3 {[%clk 0:00:45]} Bf7 {[%clk 0:01:58]} 36. Kg2
{[%clk 0:00:55]} g6 {[%clk 0:01:14]} 37. a4 {[%clk 0:01:17]} bxa4
{[%clk 0:01:36]} 38. Bxa4 {[%clk 0:01:39]} Be8 {[%clk 0:01:58]} 39. Bxe8
{[%clk 0:01:40]} Rxe8 {[%clk 0:02:22]} 40. Qe2 {[%clk 0:31:25]} Rc4
{[%clk 0:32:08]} 41. b5 {[%clk 0:31:32]} axb5 {[%clk 0:31:56]} 42. Nxb5
{[%clk 0:31:48]} Rec8 {[%clk 0:31:20]} 43. Qe3 {[%clk 0:31:11]} d4
{[%clk 0:31:30]} 44. Nxd4 {[%clk 0:31:15]} Nd5 {[%clk 0:31:51]} 45. Qd2
{[%clk 0:31:00]} Qxd4 {[%clk 0:28:17]} 46. cxd4 {[%clk 0:30:27]} Rxc2
{[%clk 0:28:41]} 47. Rxc2 {[%clk 0:29:58]} Rxc2 {[%clk 0:29:03]} 48. Qxc2
{[%clk 0:30:07]} Ne3+ {[%clk 0:29:29]} 49. Kf2 {[%clk 0:29:28]} Nxc2
{[%clk 0:29:53]} 50. d5 {[%clk 0:29:21]} Kg7 {[%clk 0:29:59]} 51. g4
{[%clk 0:26:19]} Kf7 {[%clk 0:29:41]} 52. Kg3 {[%clk 0:25:30]} Ke7
{[%clk 0:29:21]} 53. h4 {[%clk 0:25:03]} e3 {[%clk 0:28:09]} 54. Kf3
{[%clk 0:23:58]} fxg4+ {[%clk 0:28:25]} 55. Ke2 {[%clk 0:23:31]} g3
{[%clk 0:28:09]} 56. h5 {[%clk 0:22:20]} g2 {[%clk 0:28:25]} 57. hxg6
{[%clk 0:22:18]} g1=Q {[%clk 0:28:41]} 58. f5 {[%clk 0:21:43]} Qf2+
{[%clk 0:28:40]} 0-1

[Event "Wolrd Chess Olympiad 2018"]
[Site "Batumi"]
[Date "2018.09.28"]
[Round "5"]
[Board "1"]
[WhiteFideId "9700072"]
[White "Chinasamy Devarajen"]
[BlackFideId "9100024"]
[Black "Fancy Stuart"]
[Result "1/2-1/2"]
[LiveChessVersion "1.4.8"]
[BlackElo "1950"]
[WhiteElo "1993"]

1. d4 {[%clk 1:30:57]} g6 {[%clk 1:30:56]} 2. e4 {[%clk 1:31:17]} Bg7
{[%clk 1:31:22]} 3. Nc3 {[%clk 1:31:33]} d6 {[%clk 1:31:47]} 4. Be3
{[%clk 1:31:45]} a6 {[%clk 1:32:00]} 5. Qd2 {[%clk 1:31:40]} b5 {[%clk 1:32:19]}
6. Bd3 {[%clk 1:31:10]} Bb7 {[%clk 1:32:27]} 7. f3 {[%clk 1:30:11]} Nc6
{[%clk 1:27:09]} 8. Nce2 {[%clk 1:29:08]} e5 {[%clk 1:27:05]} 9. c3
{[%clk 1:28:35]} Nf6 {[%clk 1:17:53]} 10. Bh6 {[%clk 1:23:36]} Bxh6
{[%clk 1:16:54]} 11. Qxh6 {[%clk 1:23:57]} exd4 {[%clk 1:16:47]} 12. cxd4
{[%clk 1:23:26]} Qe7 {[%clk 1:15:48]} 13. Qd2 {[%clk 1:17:02]} O-O 14. Nh3
{[%clk 1:16:47]} d5 {[%clk 1:07:39]} 15. e5 {[%clk 1:15:39]} Nd7 {[%clk 1:04:25]}
16. O-O {[%clk 1:15:02]} Nb4 {[%clk 1:03:49]} 17. Bb1 {[%clk 1:09:35]} c5
{[%clk 1:03:33]} 18. f4 {[%clk 1:08:03]} Rac8 {[%clk 0:55:41]} 19. a3
{[%clk 1:07:38]} Nc6 {[%clk 0:56:02]} 20. Ba2 {[%clk 1:03:28]} Nb6
{[%clk 0:51:47]} 21. f5 {[%clk 0:58:28]} cxd4 {[%clk 0:44:40]} 22. Nxd4
{[%clk 0:53:15]} Qxe5 {[%clk 0:38:27]} 23. Nxc6 {[%clk 0:50:15]} Rxc6
{[%clk 0:36:08]} 24. Rae1 {[%clk 0:50:26]} Qf6 {[%clk 0:35:30]} 25. fxg6
{[%clk 0:49:18]} Qxg6 {[%clk 0:35:33]} 26. Bb1 {[%clk 0:46:41]} Qh6
{[%clk 0:29:12]} 27. Rf4 {[%clk 0:38:12]} Bc8 {[%clk 0:15:21]} 28. Qf2
{[%clk 0:37:11]} f5 {[%clk 0:09:08]} 29. Rh4 {[%clk 0:30:58]} Qg7
{[%clk 0:08:34]} 30. Nf4 {[%clk 0:24:24]} Rh6 {[%clk 0:08:26]} 31. Rxh6
{[%clk 0:24:17]} Qxh6 {[%clk 0:08:53]} 32. Re7 {[%clk 0:20:20]} Qf6
{[%clk 0:08:44]} 33. Ra7 {[%clk 0:18:10]} Qg5 {[%clk 0:07:35]} 34. g3
{[%clk 0:16:17]} Qf6 {[%clk 0:06:27]} 35. Nh5 {[%clk 0:15:29]} Qe6
{[%clk 0:03:39]} 36. Qd2 {[%clk 0:12:49]} Bd7 {[%clk 0:03:22]} 37. Rxa6
{[%clk 0:11:01]} Re8 {[%clk 0:03:04]} 38. Kf2 {[%clk 0:09:14]} Kf7
{[%clk 0:02:10]} 39. Nf4 {[%clk 0:08:57]} Qh6 {[%clk 0:02:08]} 40. Kg2
{[%clk 0:37:48]} Qc6 {[%clk 0:32:17]} 41. Qd4 {[%clk 0:36:07]} Rb8
{[%clk 0:24:42]} 42. Nd3 {[%clk 0:33:42]} Qf6 {[%clk 0:23:17]} 43. Qf4
{[%clk 0:32:24]} Re8 {[%clk 0:22:25]} 44. Qf2 {[%clk 0:32:18]} d4
{[%clk 0:22:35]} 45. Ba2+ {[%clk 0:32:01]} Kf8 {[%clk 0:21:50]} 46. Nf4
{[%clk 0:28:01]} Bc6+ {[%clk 0:18:56]} 47. Kg1 {[%clk 0:25:03]} Nc4
{[%clk 0:16:36]} 48. a4 {[%clk 0:16:00]} Ne5 {[%clk 0:07:25]} 49. axb5
{[%clk 0:12:37]} Ng4 {[%clk 0:07:43]} 50. Qd2 {[%clk 0:11:15]} d3
{[%clk 0:06:15]} 51. Qb4+ {[%clk 0:07:12]} Qe7 {[%clk 0:03:54]} 52. Qxe7+
{[%clk 0:07:19]} Rxe7 {[%clk 0:03:50]} 53. Nxd3 {[%clk 0:04:36]} Bxb5
{[%clk 0:04:10]} 54. Ra8+ {[%clk 0:04:59]} Kg7 {[%clk 0:04:03]} 55. h3
{[%clk 0:04:54]} Bxd3 {[%clk 0:03:51]} 56. hxg4 {[%clk 0:05:16]} Re1+
{[%clk 0:03:10]} 57. Kf2 {[%clk 0:04:28]} Re2+ {[%clk 0:03:38]} 58. Kf3
{[%clk 0:04:57]} fxg4+ {[%clk 0:03:20]} 59. Kxg4 {[%clk 0:05:09]} Rxb2
{[%clk 0:03:40]} 60. Ra7+ {[%clk 0:05:12]} Kf6 {[%clk 0:04:04]} 61. Kf4
{[%clk 0:04:58]} Rb4+ {[%clk 0:03:52]} 62. Ke3 {[%clk 0:05:18]} Bg6 1/2-1/2

[Event "Wolrd Chess Olympiad 2018"]
[Site "Batumi"]
[Date "2018.09.28"]
[Round "5"]
[Board "2"]
[WhiteFideId "9100075"]
[White "Press Shaun"]
[BlackFideId "9700110"]
[Black "Goorsahye Antoine"]
[Result "1-0"]
[LiveChessVersion "1.4.8"]
[BlackElo "1793"]
[WhiteElo "1935"]

1. e4 {[%clk 1:30:57]} d5 {[%clk 1:30:41]} 2. Nc3 {[%clk 1:31:22]} dxe4
{[%clk 1:30:16]} 3. Nxe4 {[%clk 1:31:47]} Nc6 {[%clk 1:29:23]} 4. Nf3
{[%clk 1:29:52]} Bg4 {[%clk 1:28:32]} 5. h3 {[%clk 1:26:40]} Bh5 {[%clk 1:28:07]}
6. Ng3 {[%clk 1:26:43]} Bg6 {[%clk 1:28:16]} 7. h4 {[%clk 1:24:20]} h6
{[%clk 1:26:50]} 8. h5 {[%clk 1:24:16]} Bh7 {[%clk 1:27:09]} 9. d4
{[%clk 1:23:35]} Nb4 {[%clk 1:24:47]} 10. Bb5+ {[%clk 1:22:54]} c6
{[%clk 1:25:04]} 11. Ba4 {[%clk 1:23:20]} Qa5 {[%clk 1:24:10]} 12. c3
{[%clk 1:22:27]} Nd3+ {[%clk 1:22:56]} 13. Kf1 {[%clk 1:22:32]} Nxc1
{[%clk 1:20:56]} 14. Rxc1 {[%clk 1:22:48]} Nf6 {[%clk 1:20:02]} 15. Ne5
{[%clk 1:18:41]} Qa6+ {[%clk 1:17:07]} 16. Kg1 {[%clk 1:15:55]} e6
{[%clk 1:16:43]} 17. Bb3 {[%clk 1:15:03]} Bd6 {[%clk 1:15:28]} 18. Qe1
{[%clk 1:10:47]} Bxe5 {[%clk 1:10:59]} 19. Qxe5 {[%clk 0:58:15]} O-O
{[%clk 1:10:35]} 20. Rh4 {[%clk 0:52:17]} Qb6 {[%clk 1:03:27]} 21. Rf4
{[%clk 0:46:49]} Qd8 {[%clk 1:02:05]} 22. Bc2 {[%clk 0:39:52]} Bxc2
{[%clk 1:00:07]} 23. Rxc2 {[%clk 0:36:57]} Rc8 {[%clk 0:56:11]} 24. Re2
{[%clk 0:31:43]} Qd5 {[%clk 0:53:41]} 25. Qxd5 {[%clk 0:27:48]} cxd5
{[%clk 0:53:55]} 26. Rh4 {[%clk 0:25:00]} b5 {[%clk 0:51:09]} 27. f3
{[%clk 0:23:40]} a5 {[%clk 0:50:28]} 28. a3 {[%clk 0:18:54]} b4 {[%clk 0:48:55]}
29. axb4 {[%clk 0:19:17]} axb4 {[%clk 0:49:21]} 30. Rc2 {[%clk 0:19:40]} Rc6
{[%clk 0:47:50]} 31. Ne2 {[%clk 0:18:51]} Ra8 {[%clk 0:47:14]} 32. g4
{[%clk 0:16:58]} Ne8 {[%clk 0:41:44]} 33. Kf2 {[%clk 0:12:45]} Nd6
{[%clk 0:41:33]} 34. Rh1 {[%clk 0:12:49]} b3 {[%clk 0:37:02]} 35. Rcc1
{[%clk 0:09:15]} Ra2 {[%clk 0:32:47]} 36. Rb1 {[%clk 0:07:23]} Nc4
{[%clk 0:31:18]} 37. Nc1 {[%clk 0:06:08]} Rb6 {[%clk 0:29:41]} 38. Nd3
{[%clk 0:05:44]} Kf8 {[%clk 0:27:37]} 39. Nb4 {[%clk 0:02:24]} Ra4
{[%clk 0:20:54]} 40. Rhd1 {[%clk 0:31:06]} Ke7 {[%clk 0:50:42]} 41. Nd3
{[%clk 0:29:29]} Kd6 {[%clk 0:50:27]} 42. Ke2 {[%clk 0:29:22]} f6
{[%clk 0:48:53]} 43. f4 {[%clk 0:24:06]} Ra2 {[%clk 0:46:25]} 44. Rf1
{[%clk 0:17:13]} Ke7 {[%clk 0:45:14]} 45. Rfd1 {[%clk 0:16:17]} Nd6
{[%clk 0:44:00]} 46. Nb4 {[%clk 0:14:38]} Ne4 {[%clk 0:42:44]} 47. Ke3
{[%clk 0:11:41]} Kd6 {[%clk 0:40:41]} 48. Re1 {[%clk 0:10:14]} Kd7
{[%clk 0:39:22]} 49. Re2 {[%clk 0:09:33]} Ra4 {[%clk 0:39:03]} 50. Ree1
{[%clk 0:09:22]} Nd6 {[%clk 0:39:12]} 51. Re2 {[%clk 0:07:47]} Nc4+
{[%clk 0:39:06]} 52. Kf3 {[%clk 0:07:29]} Rb8 {[%clk 0:34:38]} 53. Nd3
{[%clk 0:07:19]} Ra5 {[%clk 0:31:24]} 54. Nc5+ {[%clk 0:06:44]} Rxc5
{[%clk 0:31:39]} 55. dxc5 {[%clk 0:07:10]} Rc8 {[%clk 0:30:44]} 56. Ra1
{[%clk 0:05:55]} Rxc5 {[%clk 0:27:19]} 57. Ra4 {[%clk 0:05:48]} Rb5
{[%clk 0:24:38]} 58. Ra7+ {[%clk 0:05:47]} Kd6 {[%clk 0:23:29]} 59. Rxg7
{[%clk 0:05:32]} e5 {[%clk 0:23:10]} 60. fxe5+ {[%clk 0:02:48]} Nxe5+
{[%clk 0:23:30]} 61. Kf4 {[%clk 0:02:47]} Ke6 {[%clk 0:22:01]} 62. Rh7
{[%clk 0:02:33]} Ra5 {[%clk 0:22:10]} 63. Rxh6 {[%clk 0:01:04]} Ra4+
{[%clk 0:22:22]} 64. Kg3 {[%clk 0:01:17]} Rxg4+ {[%clk 0:22:34]} 65. Kh3
{[%clk 0:01:42]} Re4 {[%clk 0:21:33]} 66. Rxe4 {[%clk 0:00:54]} dxe4
{[%clk 0:21:54]} 67. Rh8 {[%clk 0:01:21]} Kf7 {[%clk 0:20:50]} 68. Rb8
{[%clk 0:01:26]} e3 {[%clk 0:19:33]} 69. Kg2 {[%clk 0:01:19]} f5 {[%clk 0:19:26]}
70. Rb5 {[%clk 0:00:51]} Nd3 {[%clk 0:18:06]} 71. Kf3 {[%clk 0:00:38]} f4
{[%clk 0:16:55]} 72. Rxb3 {[%clk 0:00:40]} Nc1 {[%clk 0:16:29]} 73. Rb4
{[%clk 0:00:40]} Nd3 {[%clk 0:15:58]} 74. Rd4 {[%clk 0:00:33]} Ne1+
{[%clk 0:14:55]} 75. Kxf4 {[%clk 0:00:44]} e2 {[%clk 0:14:59]} 76. Ke3
{[%clk 0:00:52]} 1-0

[Event "Wolrd Chess Olympiad 2018"]
[Site "Batumi"]
[Date "2018.09.28"]
[Round "5"]
[Board "3"]
[WhiteFideId "9700250"]
[White "Raimbert Ronald"]
[BlackFideId "9100121"]
[Black "Jones Rupert"]
[Result "1-0"]
[LiveChessVersion "1.4.8"]
[BlackElo "1790"]
[WhiteElo "1747"]

1. d4 {[%clk 1:30:57]} d5 {[%clk 1:30:29]} 2. c4 {[%clk 1:31:24]} dxc4
{[%clk 1:30:51]} 3. Nf3 {[%clk 1:31:52]} a6 {[%clk 1:30:42]} 4. a4
{[%clk 1:32:01]} Nf6 {[%clk 1:30:11]} 5. Nc3 {[%clk 1:32:19]} Bg4
{[%clk 1:28:20]} 6. Ne5 {[%clk 1:32:29]} Bh5 {[%clk 1:28:17]} 7. g3
{[%clk 1:27:26]} e6 {[%clk 1:28:16]} 8. Bg2 {[%clk 1:27:34]} c6 {[%clk 1:27:49]}
9. O-O {[%clk 1:26:56]} Be7 {[%clk 1:24:08]} 10. Nxc4 {[%clk 1:23:33]} O-O
{[%clk 1:22:41]} 11. Qb3 {[%clk 1:22:46]} Ra7 {[%clk 1:11:02]} 12. e4
{[%clk 1:12:10]} Nbd7 {[%clk 1:09:02]} 13. h3 {[%clk 1:08:14]} b6
{[%clk 0:58:52]} 14. Bg5 {[%clk 1:04:00]} h6 {[%clk 0:50:14]} 15. Bxf6
{[%clk 1:04:20]} gxf6 {[%clk 0:49:56]} 16. g4 {[%clk 1:01:48]} Bg6
{[%clk 0:50:17]} 17. f4 {[%clk 1:02:15]} Qc7 {[%clk 0:44:15]} 18. f5
{[%clk 1:02:00]} Bh7 {[%clk 0:34:53]} 19. Kh1 {[%clk 0:54:59]} Kg7
{[%clk 0:34:29]} 20. Ne3 {[%clk 0:54:41]} Qd6 {[%clk 0:22:03]} 21. Rad1
{[%clk 0:49:10]} exf5 {[%clk 0:14:16]} 22. gxf5 {[%clk 0:40:13]} Qc7
{[%clk 0:10:04]} 23. Ne2 {[%clk 0:38:39]} b5 {[%clk 0:09:23]} 24. axb5
{[%clk 0:31:45]} axb5 {[%clk 0:08:24]} 25. Nf4 {[%clk 0:30:22]} Ra4
{[%clk 0:07:07]} 26. Ng4 {[%clk 0:29:45]} Rb4 {[%clk 0:04:32]} 27. Qg3
{[%clk 0:30:03]} Kh8 {[%clk 0:04:59]} 1-0

[Event "Wolrd Chess Olympiad 2018"]
[Site "Batumi"]
[Date "2018.09.28"]
[Round "5"]
[Board "1"]
[WhiteFideId "6800068"]
[White "McTigue James"]
[BlackFideId "10300163"]
[Black "Al-Hajiri Bader"]
[Result "0-1"]
[LiveChessVersion "1.4.8"]
[BlackElo "2112"]
[WhiteElo "2116"]

1. c4 {[%clk 1:30:47]} c6 {[%clk 1:30:12]} 2. d4 {[%clk 1:29:24]} d5
{[%clk 1:30:34]} 3. Nf3 {[%clk 1:29:19]} Nf6 {[%clk 1:30:51]} 4. cxd5
{[%clk 1:27:07]} cxd5 {[%clk 1:31:11]} 5. Nc3 {[%clk 1:27:32]} Nc6
{[%clk 1:31:14]} 6. Bf4 {[%clk 1:26:29]} e6 {[%clk 1:30:07]} 7. e3
{[%clk 1:21:08]} Qa5 {[%clk 1:30:11]} 8. a3 {[%clk 1:18:49]} Ne4 {[%clk 1:30:29]}
9. Rc1 {[%clk 1:17:29]} Nxc3 {[%clk 1:30:39]} 10. Rxc3 {[%clk 1:16:05]} Bxa3
{[%clk 1:30:55]} 11. Nd2 {[%clk 1:11:19]} Bb4 {[%clk 1:17:37]} 12. Rc2
{[%clk 1:10:02]} Bd7 {[%clk 1:17:16]} 13. Be2 {[%clk 1:08:34]} O-O
{[%clk 1:14:23]} 14. O-O {[%clk 1:08:57]} e5 {[%clk 1:12:28]} 15. dxe5
{[%clk 1:01:36]} Bf5 {[%clk 1:12:22]} 16. e4 {[%clk 1:01:27]} dxe4
{[%clk 1:12:34]} 17. Nc4 {[%clk 0:55:36]} Qa4 {[%clk 1:12:47]} 18. Nd6
{[%clk 0:51:48]} Rfd8 {[%clk 1:00:13]} 19. Bb5 {[%clk 0:22:48]} Qxb5
{[%clk 0:49:42]} 20. Nxb5 {[%clk 0:19:22]} Rxd1 {[%clk 0:46:18]} 21. Rxd1
{[%clk 0:19:50]} e3 {[%clk 0:46:35]} 22. Rxc6 bxc6 {[%clk 0:40:59]} 23. Nd4
{[%clk 0:11:16]} Rd8 {[%clk 0:40:59]} 24. fxe3 {[%clk 0:05:42]} c5
{[%clk 0:41:21]} 25. Bg5 {[%clk 0:04:53]} Rd5 {[%clk 0:31:02]} 26. Rf1
{[%clk 0:02:15]} Bd3 {[%clk 0:31:24]} 27. Rc1 {[%clk 0:01:47]} h6
{[%clk 0:31:09]} 28. Bf4 {[%clk 0:01:18]} cxd4 {[%clk 0:31:11]} 29. Rd1
{[%clk 0:01:01]} Be2 {[%clk 0:28:31]} 30. Rxd4 {[%clk 0:01:16]} Rxd4
{[%clk 0:28:19]} 31. exd4 {[%clk 0:01:44]} Be1 {[%clk 0:28:28]} 32. g3
{[%clk 0:01:49]} a5 {[%clk 0:28:42]} 33. Kg2 {[%clk 0:02:01]} a4 {[%clk 0:29:06]}
34. h3 {[%clk 0:01:59]} Kf8 {[%clk 0:28:55]} 35. g4 {[%clk 0:01:43]} Bc4
{[%clk 0:29:04]} 36. Kf3 {[%clk 0:01:47]} Ke7 {[%clk 0:29:25]} 37. g5
{[%clk 0:01:12]} h5 {[%clk 0:29:22]} 0-1